000 00681nam a2200229Ia 4500
003 OSt
005 20220918205014.0
006 a|||||r|||| 00| 0
007 ta
008 220917b |||||||| |||| 00| 0 eng d
024 _a115,006
037 _cTextual
040 _aARTS
_cARTS
_beng
041 _2eng
_aeng
082 _aV5961:170641:N3, 122G0 (906)
100 _aMoulaert gerorge
_9113868
245 0 _aL'Effort coloniale dfe la belgique
_b extralt de la revue Economique international (Jullet 1930
260 _c1930
650 _aHISTORY
942 _hV5961:170641:N3, 122G0 (906)
_cTEXL
_2CC
999 _c238336
_d238336